000 00277nam a22001217a 4500
008 181003b xxu||||| |||| 00| 0 eng d
041 _aeng
080 _a591
100 _a7
101 _aZOO
245 _aAtlas Of The Mind Body And Mind
_cPhilips.R
942 _2udc
_cBK
999 _c48818
_d48818